000 00603nam a2200205Ia 4500
003 GCL
008 140319s9999 xx 000 0 ara d
040 _aGCL /
_cGCL
082 0 4 _a815.05
_bم خ
100 1 _aمحيى الدين عبدالحليم
245 1 0 _aخطبة الجمعة و الاتصال الجماهيرى /
_cمحيى الدين عبدالحليم
300 _a171 ص
490 _a
650 0 4 _aالخطابة
650 0 4 _aخطبة الجمعة
650 0 4 _aالاتصال
650 0 4 _aوسائل الاعلام
650 0 4 _aالخطب الدينية
942 _2ddc
_cBK
999 _c39555
_d39555